Návrh univerzálneho prípravku na ručné vŕtanie otvorov do vybraných súčiastok

Na minha lista:
Detalhes bibliográficos
Autor principal: Petrúšek, Simon (Author)
Outros Autores: Kamenszká, Adriana (Thesis advisor)
Formato: Manuscrito Livro
Idioma:eslovaco
Publicado em: 2021
Assuntos:
Acesso em linha:http://is.stuba.sk/zp/portal_zp.pl?podrobnosti=148760
Tags: Adicionar Tag
Sem tags, seja o primeiro a adicionar uma tag!

MARC

LEADER 00000ntm a22000003a 4500
001 stuzp83926
003 SK-STU
005 20210703212358.6
007 ta
008 150427s2015----xo-----f-mn---000-0-slo-d
040 |a STU  |b slo 
041 0 |a slo 
100 1 |a Petrúšek, Simon  |u 063000  |4 aut  |U MTF Materiálovotechnologická fakulta  |T MTF Ústav výrobných technológií  |X 97238  |U M3000  |Y 83  |7 97238 
242 0 1 |a Design of a universal jig for manual drilling of holes in selected components  |y eng 
245 1 0 |a Návrh univerzálneho prípravku na ručné vŕtanie otvorov do vybraných súčiastok 
260 |c 2021 
650 4 |a vŕtanie  |2 slo 
650 4 |a prípravok  |2 slo 
650 4 |a stroj  |2 slo 
650 4 |a nástroj  |2 slo 
650 4 |a produktivita práce  |2 slo 
650 4 |a drilling  |2 eng 
650 4 |a machine  |2 eng 
650 4 |a tool  |2 eng 
650 4 |a jig  |2 eng 
650 4 |a work productivity  |2 eng 
700 1 |a Kamenszká, Adriana  |u 063000  |k Z3  |4 ths  |U MTF Materiálovotechnologická fakulta  |T MTF Ústav výrobných technológií  |X 80396  |U M3000  |Y 83  |7 80396 
856 4 |u http://is.stuba.sk/zp/portal_zp.pl?podrobnosti=148760 
996 |c M* BP-9172  |l MMSKP  |s P  |a 0  |w stuzp83926_0001